000 00533nam a2200181Ia 4500
003 GCL
008 140319s9999 xx 000 0 ara d
040 _aGCL /
_cGCL
082 0 4 _a327.11
_bا ا
100 1 _aالمهدى المنجرة
245 1 0 _aالحرب الحضارية الاولى /
_cالمهدى المنجرة
300 _a253 ص
490 _a100 قصة
_v0
650 0 4 _aالاحوال السياسية
650 0 4 _aحرب الخليج
650 0 4 _aالكويت - العالم العربى
942 _2ddc
_cBK
999 _c45050
_d45050